Vida de la bienaventurada Margarita María Alacoque /

Biografía de la beata Margarita María Alacoque, la cual nació en 1690 y formó parte de la Orden de las Visitadoras. La obra fue escrita por una religiosa del Segundo Monasterio de la Visitación de Santa María.

Salvato in:
Dettagli Bibliografici
Altri autori: Bautista Moga, Juan (revisión) (revisión), Orti y Lara, Juan Manuel (prólogo) (prólogo)
Natura: Libro
Lingua:spagnolo
Pubblicazione: Madrid, España : Sociedad Editorial de San Francisco de Sales, 1890, c1890
Soggetti:
Tags: Aggiungi Tag
Nessun Tag, puoi essere il primo ad aggiungerne!!

MARC

LEADER 00000nam^a2200000^a^4500
001 000119046
005 20250526000000.0
009 20260310094302.267
037 |a Acervo ITESO - Biblioteca 
041 |a ESP 
082 |a 200. 92  |b VID 
240 1 1 |a [Vida de la bienaventurada Margarita María Alacoque] 
245 0 0 |a Vida de la bienaventurada Margarita María Alacoque /  |c Rev. de J. Bautista Moya ; pról. de Juan Manuel Orti y Lara. 
264 4 |a Madrid, España :  |b Sociedad Editorial de San Francisco de Sales,  |c 1890, c1890 
300 |a XXXV, 427 p. ;  |c 21.5 cm. 
336 |a texto  |b txt  |2 rdacontenido 
337 |a sin mediación  |b n  |2 rdamedio 
338 |a volumen  |b nc  |2 rdasoporte 
520 |a Biografía de la beata Margarita María Alacoque, la cual nació en 1690 y formó parte de la Orden de las Visitadoras. La obra fue escrita por una religiosa del Segundo Monasterio de la Visitación de Santa María. 
649 |a XX 
650 |a Monjas Francesas -  |x Biografías 
650 |a Religiosos Franceses -  |x Biografías 
650 |a Mujeres Francesas -  |x Biografías 
650 |a Monasticismo y Ordenes Religiosas para Mujeres -  |z Francia -  |x Historia -  |y Siglo XVIII 
650 |a Monasticismo y Ordenes Religiosas -  |z Francia -  |x Historia -  |y Siglo XVIIII 
650 |a Iglesia Católica en Francia -  |x Historia -  |y Siglo XVIII 
650 |a Iglesia Católica -  |x Trabajo y Actividades con los Enfermos 
650 |a Sagrado Corazón de Jesús 
650 |a Curación por la Fe 
650 |a Milagros 
650 |a Catolicismo 
650 |a Cristianismo 
650 |a Religión 
650 |a Margarita María de Alacoque,  |c Santa -  |x Tema Principal 
700 |a Bautista Moga, Juan  |e (revisión) 
700 |a Orti y Lara, Juan Manuel  |e (prólogo) 
910 |a Fondo Salvador Reynoso Reynoso 
920 |a Impresos - Libros 
930 |a Libros Antiguos y Raros 
905 |a 108 
901 |a 0800005229  |b IT2  |c LRA  |u 20250526 
902 |a https://opac.biblio.iteso.mx/vufind/Record/000119046